000 00441nam a2200157Ia 4500
008 200103s9999||||xx |||||||||||||| ||und||
020 _a9780070474338
040 _aIMU-MPC
082 _aColumn-28
100 _aCengel, Yunus A. and Cimbala, John M.
245 0 _aThermodynamics: an Engineering Approach
250 _a3rd Ed.
260 _bTata McGraw-Hill Publishing Company Ltd., New Delhi
_c2002
300 _axxxix, 1010
942 _cBK
999 _c7257
_d7257